Trh práce a realizácia štrukturálnych zmien v ekonomike SR a osobitosti problematiky v regiónoch susediacich s Rakúskom
Guardado en:
| Autor principal: | |
|---|---|
| Formato: | Libro |
| Lenguaje: | eslovaco |
| Publicado: |
Bratislava
VÚNH EU
1995
|
| Edición: | 1. vyd. |
| Colección: | Diskusné materiály
|
| Materias: | |
| Etiquetas: |
Sin Etiquetas, Sea el primero en etiquetar este registro!
|
MARC
| LEADER | 00000nam a2200000 4500 | ||
|---|---|---|---|
| 001 | c012366 | ||
| 005 | 20240502071310.0 | ||
| 022 | |a 1335-1346 | ||
| 041 | 0 | |a slo | |
| 044 | |a SK | ||
| 245 | 1 | 0 | |a Trh práce a realizácia štrukturálnych zmien v ekonomike SR a osobitosti problematiky v regiónoch susediacich s Rakúskom |c Marta Ďurďovičová ; vedecký redaktor: Eva Staneková |
| 250 | |a 1. vyd. | ||
| 264 | 1 | |a Bratislava |b VÚNH EU |c 1995 | |
| 300 | |a 18 s. | ||
| 490 | 1 | |a Diskusné materiály | |
| 830 | 0 | |a Diskusné materiály | |
| 610 | 2 | 0 | |a trh práce |
| 610 | 2 | 0 | |a zmeny štruktúrne |
| 610 | 2 | 0 | |a hospodárstvo národné |
| 610 | 2 | 0 | |a Slovensko |
| 610 | 2 | 0 | |a Rakúsko |
| 610 | 2 | 0 | |a politika hospodárska |
| 100 | 1 | |a Ďurďovičová, Marta, 1964- | |